លក្ខណៈរូប-គីមីដីកូឡូវីអាល់ក្នុងប្រពលវប្បកម្មដំណាំស្វាយចន្ទីស្រុកបាភ្នំខេត្តព្រៃវែង (Record no. 172)
[ view plain ]
| 000 -LEADER | |
|---|---|
| fixed length control field | 00614nam a22001577a 4500 |
| 003 - CONTROL NUMBER IDENTIFIER | |
| control field | OSt |
| 005 - DATE AND TIME OF LATEST TRANSACTION | |
| control field | 20150909155852.0 |
| 008 - FIXED-LENGTH DATA ELEMENTS--GENERAL INFORMATION | |
| fixed length control field | 150909b xxu||||| |||| 00| 0 eng d |
| 040 ## - CATALOGING SOURCE | |
| Transcribing agency | RUA |
| 082 ## - DEWEY DECIMAL CLASSIFICATION NUMBER | |
| Classification number | AGR ហុក 1994 B009 Or.1 |
| 100 ## - MAIN ENTRY--PERSONAL NAME | |
| 9 (RLIN) | 192 |
| Personal name | ហុក សៀង |
| 245 ## - TITLE STATEMENT | |
| Title | លក្ខណៈរូប-គីមីដីកូឡូវីអាល់ក្នុងប្រពលវប្បកម្មដំណាំស្វាយចន្ទីស្រុកបាភ្នំខេត្តព្រៃវែង |
| 260 ## - PUBLICATION, DISTRIBUTION, ETC. (IMPRINT) | |
| Place of publication, distribution, etc. | Phnom Penh |
| Name of publisher, distributor, etc. | RUA |
| Date of publication, distribution, etc. | 1994 |
| 300 ## - PHYSICAL DESCRIPTION | |
| Extent | 102p. |
| Other physical details | ill. |
| Dimensions | 29cm. |
| 942 ## - ADDED ENTRY ELEMENTS (KOHA) | |
| Source of classification or shelving scheme | |
| Koha item type | AGR |
| Price effective from | Date last seen | Permanent Location | Not for loan | Date acquired | Source of classification or shelving scheme | Koha item type | Lost status | Withdrawn status | Date last checked out | Total Checkouts | Shelving location | Damaged status | Barcode | Current Location | Full call number |
|---|---|---|---|---|---|---|---|---|---|---|---|---|---|---|---|
| 2015-09-09 | 2016-12-06 | Library Block B | 2015-09-09 | AGR | 2016-12-02 | 1 | B009 | RUA003157 | Library Block B | AGR ហុក 1994 B009 Or.1 | |||||
| 2015-09-09 | 2015-09-09 | Library Block B | 2015-09-09 | AGR | B009 | RUA003336 | Library Block B | AGR ហុក 1994 B009 Or.2 | |||||||
| 2015-09-09 | 2015-09-09 | Library Block B | 2015-09-09 | AGR | B009 | RUA003408 | Library Block B | AGR ហុក 1994 B009 Or.3 | |||||||
| 2015-09-09 | 2015-09-09 | Library Block B | 2015-09-09 | AGR | B009 | RUA003516 | Library Block B | AGR ហុក 1994 B009 Or.4 | |||||||
| 2015-09-09 | 2015-09-09 | Library Block B | 2015-09-09 | AGR | B009 | RUA003120 | Library Block B | AGR ហុក 1994 B009 Or.5 | |||||||
| 2015-09-09 | 2015-09-09 | Library Block B | 2015-09-09 | AGR | B009 | RUA003402 | Library Block B | AGR ហុក 1994 B009 Or.6 | |||||||
| 2015-09-09 | 2024-05-28 | Library Block B | 2015-09-09 | AGR | 2024-05-08 | 1 | B009 | RUA003971 | Library Block B | AGR ហុក 1994 B009 Or.7 | |||||
| 2015-09-09 | 2015-09-09 | Library Block B | 2015-09-09 | AGR | B009 | RUA003160 | Library Block B | AGR ហុក 1994 B009 Or.8 | |||||||
| 2015-09-09 | 2015-09-09 | Library Block B | 2015-09-09 | AGR | B009 | RUA003085 | Library Block B | AGR ហុក 1994 B009 Or.9 |